| 000 | 00442nam a2200181 4500 | ||
|---|---|---|---|
| 003 | SEACOMMC | ||
| 005 | 20251017123354.0 | ||
| 008 | 230930b |||||||| |||| 00| 0 eng d | ||
| 020 | _c250.00 | ||
| 040 | _aSEACOMMC | ||
| 082 |
_a005.3 _bK45 |
||
| 100 | _aKhurana, Rohit | ||
| 245 |
_aSoftware Engineering (Wbut) _cRohit Khurrana |
||
| 260 |
_aKolkata _bVikas _c2011 |
||
| 650 | _aComputer Science Engineering | ||
| 700 | _aRohit | ||
| 942 | _cGBK | ||
| 999 |
_c11 _d11 |
||